Представление документа в формате RUSMARC

ПолеНазваниеЗначение
  Тип записи a
  Библиографический уровень a
001 Контрольный номер RU/УОНБ/EK_Kray/391283342
005 Дата корректировки 20240131004815.8
100 Данные общей обработки __
a Данные общей обработки 20120525d2012 ||| 0rusy0189 ca
101 Язык документа 0_
a Язык текста rus
102 Страна публикации __
a Страна публикации RU
105 Кодированные данные (монография) __
a Кодированные данные (монография) y###||||000|y
200 Заглавие и сведения об ответственности 1_
a Заглавие Шерсти клок для молодых
f Первые сведения об ответственности Владимир Пугачев
215 Физическое описание __
c Иллюстрации/тип воспроизводства 1 фот.
225 Серия 1_
a Серия Соцподдержка
330 Аннотация __
a Аннотация Социальная поддержка молодых специалистов-бюджетников в Ульяновской области.
461 Уровень набора _0
1 2000
a Симбирский курьер
1 011
463 Уровень физической единицы _0
1 001RU/УОНБ/EK_Kray/391281487
1 2000
a 19 мая
v С. 11
1 210
d 2012
610 Ключевые слова 0_
a Ключевые слова социальная поддержка
610 Ключевые слова 0_
a Ключевые слова молодые специалисты
610 Ключевые слова 0_
a Ключевые слова бюджетники
686 Индексы других классификаций __
a Классификационный индекс 65.6-27
2 Код системы rubbk
700 Автор _1
a Фамилия Пугачев
b Имя (инициалы) В.
g Полное личное имя Владимир
4 Код отношения 070
801 Источник записи _0
a Страна RU
b Организация Ульяновская ОНБ
c Дата составления 20120525
g Правила каталогизации RCR
801 Источник записи _1
a Страна RU
b Организация Ульяновская ОНБ
c Дата составления 20120525
g Правила каталогизации RCR
901 Тип документа __
t Тип документа f
w Контрольный № источника RU/УОНБ/EK_Kray/391281487
909 Создатель записи __
a Создатель записи Бороденкова
938 Служебная информация __
a Имя БД kraeved_work
b Имя библиотеки УОНБ
c Имя АИБС МАРК-SQL
d Номер DOC_ID в БД 87808